| 000 | 00537nam a22001817a 4500 | ||
|---|---|---|---|
| 003 | 0 | ||
| 005 | 20240923111158.0 | ||
| 008 | 240923b xxu||||| |||| 00| 0 eng d | ||
| 020 | _a978-81-19920-57-0 | ||
| 050 |
_aLB 2331 _b.Aq78 2024 |
||
| 100 | _aAquino, John Michael | ||
| 245 |
_aTechniques of classroom teaching _cAquino, John Michael |
||
| 260 |
_aNew Delhi India _bVenus books _cC2024 |
||
| 300 |
_ax, 296p.: _c24cm. |
||
| 500 | _aClassroom teaching. | ||
| 650 | _aIncludes bibliographical references & index. | ||
| 942 |
_2lcc _cBK |
||
| 999 |
_c366330 _d366330 |
||